<?xml version="1.0" encoding="UTF-8"?>
<collection xmlns="http://www.loc.gov/MARC21/slim">
 <record>
  <leader>03427cam a2200625   4500</leader>
  <controlfield tag="001">279118066</controlfield>
  <controlfield tag="003">DE-627</controlfield>
  <controlfield tag="005">20171212122111.0</controlfield>
  <controlfield tag="007">tu</controlfield>
  <controlfield tag="008">960812s1996    gw ||||| c    00| ||ger c</controlfield>
  <datafield tag="015" ind1=" " ind2=" ">
   <subfield code="a">96,A44,1390</subfield>
   <subfield code="2">dnb</subfield>
  </datafield>
  <datafield tag="016" ind1="7" ind2=" ">
   <subfield code="a">948685255</subfield>
   <subfield code="2">DE-101</subfield>
  </datafield>
  <datafield tag="020" ind1=" " ind2=" ">
   <subfield code="a">3805319037</subfield>
   <subfield code="9">3-8053-1903-7</subfield>
  </datafield>
  <datafield tag="035" ind1=" " ind2=" ">
   <subfield code="a">(DE-627)279118066</subfield>
  </datafield>
  <datafield tag="035" ind1=" " ind2=" ">
   <subfield code="a">(DE-576)053646541</subfield>
  </datafield>
  <datafield tag="035" ind1=" " ind2=" ">
   <subfield code="a">(DE-599)GBV279118066</subfield>
  </datafield>
  <datafield tag="035" ind1=" " ind2=" ">
   <subfield code="a">(OCoLC)75804986</subfield>
  </datafield>
  <datafield tag="035" ind1=" " ind2=" ">
   <subfield code="a">(OCoLC)75804986</subfield>
  </datafield>
  <datafield tag="040" ind1=" " ind2=" ">
   <subfield code="a">DE-627</subfield>
   <subfield code="b">ger</subfield>
   <subfield code="c">DE-627</subfield>
   <subfield code="e">rakwb</subfield>
  </datafield>
  <datafield tag="041" ind1=" " ind2=" ">
   <subfield code="a">ger</subfield>
  </datafield>
  <datafield tag="044" ind1=" " ind2=" ">
   <subfield code="c">XA-DE-RP</subfield>
  </datafield>
  <datafield tag="084" ind1=" " ind2=" ">
   <subfield code="a">63</subfield>
   <subfield code="a">64</subfield>
   <subfield code="2">sdnb</subfield>
  </datafield>
  <datafield tag="084" ind1=" " ind2=" ">
   <subfield code="a">LF 8430</subfield>
   <subfield code="2">rvk</subfield>
   <subfield code="0">(DE-625)rvk/92002:</subfield>
  </datafield>
  <datafield tag="084" ind1=" " ind2=" ">
   <subfield code="a">LF 8460</subfield>
   <subfield code="2">rvk</subfield>
   <subfield code="0">(DE-625)rvk/92006:</subfield>
  </datafield>
  <datafield tag="245" ind1="1" ind2="0">
   <subfield code="a">Pandora</subfield>
   <subfield code="b">Frauen im klassischen Griechenland; [anlässlich der Ausstellung Pandora, Frauen im Klassischen Griechenland; The Walters Art Gallery, Baltimore, Maryland, 5. November 1995 - 7. Januar 1996; The Dallas Museum of Art, Dallas, Texas, 4. Februar - 31. März 1996; Antikenmuseum Basel und Sammlung Ludwig, Basel, Schweiz, 28. April - 23. Juni 1996]</subfield>
   <subfield code="c">Ellen D. Reeder. Mit Essays von Sally C. Humphreys ... Hrsg. von der Walters Art Gallery, Baltimore, Maryland ...</subfield>
  </datafield>
  <datafield tag="264" ind1=" " ind2="1">
   <subfield code="a">Mainz</subfield>
   <subfield code="b">von Zabern</subfield>
   <subfield code="c">[1996]</subfield>
  </datafield>
  <datafield tag="300" ind1=" " ind2=" ">
   <subfield code="a">435 S.</subfield>
   <subfield code="b">zahlr. Ill.</subfield>
  </datafield>
  <datafield tag="336" ind1=" " ind2=" ">
   <subfield code="a">Text</subfield>
   <subfield code="b">txt</subfield>
   <subfield code="2">rdacontent</subfield>
  </datafield>
  <datafield tag="337" ind1=" " ind2=" ">
   <subfield code="a">ohne Hilfsmittel zu benutzen</subfield>
   <subfield code="b">n</subfield>
   <subfield code="2">rdamedia</subfield>
  </datafield>
  <datafield tag="338" ind1=" " ind2=" ">
   <subfield code="a">Band</subfield>
   <subfield code="b">nc</subfield>
   <subfield code="2">rdacarrier</subfield>
  </datafield>
  <datafield tag="500" ind1=" " ind2=" ">
   <subfield code="a">Literaturverz. S. 420 - 435</subfield>
  </datafield>
  <datafield tag="655" ind1=" " ind2="7">
   <subfield code="a">Aufsatzsammlung</subfield>
   <subfield code="0">(DE-588)4143413-4</subfield>
   <subfield code="0">(DE-627)105605727</subfield>
   <subfield code="0">(DE-576)209726091</subfield>
   <subfield code="2">gnd-content</subfield>
  </datafield>
  <datafield tag="655" ind1=" " ind2="7">
   <subfield code="a">Ausstellungskatalog</subfield>
   <subfield code="y">1995</subfield>
   <subfield code="z">Baltimore, Md.</subfield>
   <subfield code="0">(DE-588)4135467-9</subfield>
   <subfield code="0">(DE-627)10566491X</subfield>
   <subfield code="0">(DE-576)209660988</subfield>
   <subfield code="2">gnd-content</subfield>
  </datafield>
  <datafield tag="689" ind1="0" ind2="0">
   <subfield code="d">g</subfield>
   <subfield code="0">(DE-588)4093976-5</subfield>
   <subfield code="0">(DE-627)10481408X</subfield>
   <subfield code="0">(DE-576)209303867</subfield>
   <subfield code="a">Griechenland</subfield>
   <subfield code="g">Altertum</subfield>
   <subfield code="2">gnd</subfield>
  </datafield>
  <datafield tag="689" ind1="0" ind2="1">
   <subfield code="d">s</subfield>
   <subfield code="0">(DE-588)4018202-2</subfield>
   <subfield code="0">(DE-627)104270705</subfield>
   <subfield code="0">(DE-576)208923209</subfield>
   <subfield code="a">Frau</subfield>
   <subfield code="2">gnd</subfield>
  </datafield>
  <datafield tag="689" ind1="0" ind2=" ">
   <subfield code="5">DE-101</subfield>
  </datafield>
  <datafield tag="689" ind1="1" ind2="0">
   <subfield code="d">g</subfield>
   <subfield code="0">(DE-588)4093976-5</subfield>
   <subfield code="0">(DE-627)10481408X</subfield>
   <subfield code="0">(DE-576)209303867</subfield>
   <subfield code="a">Griechenland</subfield>
   <subfield code="g">Altertum</subfield>
   <subfield code="2">gnd</subfield>
  </datafield>
  <datafield tag="689" ind1="1" ind2="1">
   <subfield code="d">s</subfield>
   <subfield code="0">(DE-588)4018202-2</subfield>
   <subfield code="0">(DE-627)104270705</subfield>
   <subfield code="0">(DE-576)208923209</subfield>
   <subfield code="a">Frau</subfield>
   <subfield code="2">gnd</subfield>
  </datafield>
  <datafield tag="689" ind1="1" ind2=" ">
   <subfield code="5">DE-101</subfield>
  </datafield>
  <datafield tag="700" ind1="1" ind2=" ">
   <subfield code="a">Reeder, Ellen D.</subfield>
   <subfield code="0">(DE-627)1235372863</subfield>
   <subfield code="0">(DE-576)165372869</subfield>
   <subfield code="4">oth</subfield>
  </datafield>
  <datafield tag="710" ind1="2" ind2=" ">
   <subfield code="a">Walters Art Gallery</subfield>
   <subfield code="0">(DE-588)38843-9</subfield>
   <subfield code="0">(DE-627)100887198</subfield>
   <subfield code="0">(DE-576)190361603</subfield>
   <subfield code="4">oth</subfield>
  </datafield>
  <datafield tag="711" ind1="2" ind2=" ">
   <subfield code="a">Exhibition Pandora's Box - Women in Classical Greece</subfield>
   <subfield code="d">1995 - 1996</subfield>
   <subfield code="c">Baltimore, Md. u.a.</subfield>
   <subfield code="0">(DE-588)5167551-1</subfield>
   <subfield code="0">(DE-627)193676451</subfield>
   <subfield code="0">(DE-576)195623754</subfield>
   <subfield code="4">oth</subfield>
  </datafield>
  <datafield tag="730" ind1="0" ind2="2">
   <subfield code="a">Pandora &lt;dt.&gt;</subfield>
  </datafield>
  <datafield tag="787" ind1="0" ind2="8">
   <subfield code="i">Rezensiert in</subfield>
   <subfield code="a">Maaß, Michael, 1942 - </subfield>
   <subfield code="t">[Rezension von: Ellen D. Reeder, Pandora - Frauen im klassischen Griechenland, Silence et fureur - la femme et le mariage en Grece]</subfield>
   <subfield code="d">Regensburg : Schnell und Steiner, 1998</subfield>
   <subfield code="w">(DE-627)1549893831</subfield>
   <subfield code="w">(DE-576)479893837</subfield>
  </datafield>
  <datafield tag="856" ind1="4" ind2="2">
   <subfield code="u">http://media.obvsg.at/AC01614593-1002</subfield>
   <subfield code="m">V:AT-OBV</subfield>
   <subfield code="q">text/html</subfield>
   <subfield code="v">20090625000000</subfield>
   <subfield code="3">Inhaltsverzeichnis</subfield>
  </datafield>
  <datafield tag="935" ind1=" " ind2=" ">
   <subfield code="i">Blocktest</subfield>
  </datafield>
  <datafield tag="936" ind1="r" ind2="v">
   <subfield code="a">LF 8430</subfield>
   <subfield code="b">Basel</subfield>
   <subfield code="k">Klassische Archäologie</subfield>
   <subfield code="k">Museen - Sammlungen - Ausstellungen</subfield>
   <subfield code="k">Kataloge von Ausstellungen</subfield>
   <subfield code="k">Orte B</subfield>
   <subfield code="k">Basel</subfield>
   <subfield code="0">(DE-627)1272027864</subfield>
   <subfield code="0">(DE-625)rvk/92002:</subfield>
   <subfield code="0">(DE-576)202027864</subfield>
  </datafield>
  <datafield tag="936" ind1="r" ind2="v">
   <subfield code="a">LF 8460</subfield>
   <subfield code="b">B Sonstige</subfield>
   <subfield code="k">Klassische Archäologie</subfield>
   <subfield code="k">Museen - Sammlungen - Ausstellungen</subfield>
   <subfield code="k">Kataloge von Ausstellungen</subfield>
   <subfield code="k">Orte B</subfield>
   <subfield code="k">B Sonstige</subfield>
   <subfield code="0">(DE-627)1271934477</subfield>
   <subfield code="0">(DE-625)rvk/92006:</subfield>
   <subfield code="0">(DE-576)201934477</subfield>
  </datafield>
  <datafield tag="951" ind1=" " ind2=" ">
   <subfield code="a">BO</subfield>
  </datafield>
  <datafield tag="990" ind1=" " ind2=" ">
   <subfield code="a">Griechenland</subfield>
  </datafield>
  <datafield tag="990" ind1=" " ind2=" ">
   <subfield code="a">Frau</subfield>
  </datafield>
  <datafield tag="990" ind1=" " ind2=" ">
   <subfield code="a">Griechenland</subfield>
  </datafield>
  <datafield tag="990" ind1=" " ind2=" ">
   <subfield code="a">Frau</subfield>
  </datafield>
  <datafield tag="991" ind1=" " ind2=" ">
   <subfield code="a">Rezensiertes Werk</subfield>
  </datafield>
  <datafield tag="999" ind1=" " ind2=" ">
   <subfield code="a">KXP-PPN279118066</subfield>
   <subfield code="e">4020213410</subfield>
  </datafield>
 </record>
</collection>
